000 01248nam a22003377a 4500
001 000463
003 DO-SdBNP
005 20180510123836.0
007 000463
008 160902b 2008 mx a ||||| |||| 00| 0 spa d
020 _a9786071100405
040 _aBPMSU
_bspa
_cBPMSU
082 4 _a332.0973
_bS714n
100 1 _aSoros, George,
_d1930-
240 1 0 _aThe new paradigm for financial markets: the credit crisis of 2008 and what it means
_lEspañol.
245 1 0 _aEl nuevo paradigma de los mercados financieros :
_b para enternder la crisis económica actual /
_cGeorge Soros ; traducción de Estrella Trincado.
260 _aMexico, D. F :
_bTaurus,
_c2008
300 _a234 p. :
_bil., ; gráf. ;
_c22 cm.
490 1 _aPensamiento
500 _aIncluye referencias bibliográficas y notas al pie de las páginas
650 4 _aCRISIS FINANCIERA
650 4 _aCREDITO
651 4 _aESTADOS UNIDOS
_xPOLÍTICA ECONÓMICA
_ySIGLO XXI
651 4 _aESTADOS UNIDOS
_xCONDICIONES ECONÓMICAS
_ySIGLO XXI
700 1 0 _aTrincado, Estrella
_etr.
830 0 _aPensamiento
910 _aValidado. Control de calidad MFF
942 _2ddc
_cBK
945 _aInventariado, 2017/MFF
956 _2LOPEREZ
_310
_620160902
_8BPMSU
_a00041
999 _c11283
_d11283